O tacto (Registo nº 8503)
[ vista simples ]
| 000 -Etiqueta do registo | |
|---|---|
| Valores | 00592nam a22002411i 4500 |
| 010 ## - Número ISBN | |
| ISBN | 9789722109499 |
| 090 ## - | |
| -- | 8503 |
| 100 ## - Dados gerais de processamento | |
| Dados gerais | 20170304u u u0frey50 ba |
| 101 0# - Língua de publicação | |
| -- | por |
| 200 1# - Titulo e menção de responsabilidade | |
| Primeira menção de responsabilidade | Mandy Suhr |
| Título próprio | O tacto |
| 210 ## - Publicação | |
| Nome do editor | Caminho |
| Local de publicação | Lisboa |
| Data de publicação | imp. 1994 |
| 215 ## - Descrição física | |
| Paginação / Volumes | 32 p. |
| Outras indicações físicas | il. |
| Dimensões | 22 cm |
| 225 2# - Colecção | |
| Título próprio da colecção | Os sentidos |
| 606 ## - Nome comum usado como assunto | |
| ID Autoridade | 3119 |
| Palavra de ordem | Sentidos |
| Subdivisão assunto | Tacto |
| 606 ## - Nome comum usado como assunto | |
| ID Autoridade | 2402 |
| Palavra de ordem | Infantil |
| 675 ## - CDU | |
| Notação | 61:087.5 |
| -- | 2635 |
| 700 #1 - Autor principal (pessoa individual) | |
| Apelido | Suhr |
| Nome | Mandy |
| -- | 070 |
| 702 #1 - Autor secundário (pessoa individual) | |
| Apelido | Oliveira |
| Nome | José |
| -- | 730 |
| ID Autoridade | 2099 |
| 702 #1 - Autor secundário (pessoa individual) | |
| Apelido | Gordon |
| Nome | Mike |
| -- | 440 |
| ID Autoridade | 4323 |
| 801 ## - Fonte de origem | |
| País | PT |
| Regras de catalogação | RPC |
| 990 ## - Elementos KOHA | |
| Tipo de documento | Livro |
| 994 ## - Estado da catalogação | |
| -- | COMP |
| Situação do levantamento | Estado | Biblioteca de origem | Biblioteca de empréstimo | Código de barras | Cota | Permissão de empréstimo | Tipo de documento | Nota relativa ao exemplar |
|---|---|---|---|---|---|---|---|---|
| Completo | Biblioteca Municipal de Viana Do Alentejo | Biblioteca Municipal de Viana Do Alentejo | 0012200 | 087.5 SUH | Disponível | Livro | 0-5 anos |